| 000 | 00992cam a2200325 a 4500 | ||
|---|---|---|---|
| 999 |
_c200436413 _d54625 |
||
| 001 | 200436413 | ||
| 003 | TR-AnTOB | ||
| 005 | 20200303131831.0 | ||
| 007 | ta | ||
| 008 | 901219s1961 njua b 001 0 eng | ||
| 010 | _a 61008026 /L | ||
| 015 | _aGB61-12231 | ||
| 035 | _a(OCoLC)ocm24078011 | ||
| 040 |
_aDLC _beng _erda _cNAM _dCSU _dNRC _dUKM _dSLU _dZCU _dTR-AnTOB |
||
| 041 | _aeng | ||
| 050 | 0 | _aHF5635 | |
| 090 | 4 |
_aHF5635 _b.G482 1961 |
|
| 100 | 1 |
_aGillespie, Cecil _eauthor _9125758 |
|
| 245 | 1 | 0 |
_aAccounting systems : _bprocedures and methods / _cCecil Gillespie. |
| 250 | _aSecond edition | ||
| 264 | 1 |
_aEnglewood Cliffs, N.J.: _bPrentice-Hall, _c1961. |
|
| 300 |
_axiv, 641 pages : _billustrations; _c24 cm. |
||
| 336 |
_atext _btxt _2rdacontent |
||
| 337 |
_aunmediated _bn _2rdamedia |
||
| 338 |
_avolume _bnc _2rdacarrier |
||
| 504 | _aIncludes bibliographical references and index. | ||
| 650 | 0 |
_aAccounting _9165 |
|
| 942 |
_2lcc _cBK |
||